| 000 | 00631nam a2200181 a 4500 | ||
|---|---|---|---|
| 005 | 20240907063650.0 | ||
| 008 | 991125s1967 mx 000 0 spa u | ||
| 035 | _aUPN01000038152 | ||
| 049 | _aCG | ||
| 050 | 4 |
_aLA400 _bc6.4 1967 |
|
| 111 | 1 |
_aCongreso de la Confederación de Educadores Americanos _n(9o : _d1967 : _cMéxico) _928998 |
|
| 245 | 1 | 0 | _aMemoria del 9o. Congreso de la Confederación de Educadores Americanos. |
| 260 |
_aMéxico : _bCEA, _c1967. |
||
| 300 | _axxxi, 531 p., [24] p. de láms. | ||
| 650 | 4 |
_aEducación _zAmérica Latina _vCongresos _914699 |
|
| 650 | 7 |
_aMaestros _zAmérica Latina _2 _9737 |
|
| 905 | _aLibro | ||
| 999 |
_c38152 _d38152 |
||